Cedulario de las provincias de Santa Marta y Cartagena de Indias (siglo XVI). (Record no. 151703)

MARC details
000 -LEADER
campo de control de longitud fija 01099nam a22002295i 4500
001 - NÚMERO DE CONTROL
campo de control 151703
003 - IDENTIFICADOR DE NÚMERO DE CONTROL
campo de control ES-MaACL
005 - FECHA Y HORA DE LA ÚLTIMA TRANSACCIÓN
campo de control 20230906204336.0
008 - DATOS DE LONGITUD FIJA--INFORMACIÓN GENERAL
campo de control de longitud fija 151013s1913 sp |||| | spa d
245 00 - MENCIÓN DEL TÍTULO
Título Cedulario de las provincias de Santa Marta y Cartagena de Indias (siglo XVI).
Número de parte o sección de la obra Tomo I,
Nombre de parte o sección de la obra Años 1529 a 1535.
260 ## - PUBLICACIÓN, DISTRIBUCIÓN, ETC.
Lugar de publicación, distribución, etc. Madrid :
Nombre del editor, distribuidor, etc. Librería General de Victoriano Suárez,
Fecha de publicación, distribución, etc. 1913.
300 ## - DESCRIPCIÓN FÍSICA
Extensión VIII, 446 p. ;
Dimensiones 21 cm.
490 1# - MENCIÓN DE SERIE
Mención de serie Colección de libros y documentos referentes a la historia de América ;
Designación de volumen o secuencia 14
530 ## - NOTA DISPONIBLE DE FORMULARIO FÍSICO ADICIONAL
Nota de formato físico adicional disponible Disponible en formato digital.
651 #4 - PUNTO DE ACCESO ADICIONAL DE MATERIA--NOMBRE GEOGRÁFICO
Nombre geográfico Magdalena (Colombia, Departamento)-
Subdivisión general Historia-
Subdivisión de forma Fuentes.
9 (RLIN) 157885
651 #4 - PUNTO DE ACCESO ADICIONAL DE MATERIA--NOMBRE GEOGRÁFICO
Nombre geográfico Bolívar (Colombia, Departamento)-
Subdivisión general Historia-
Subdivisión de forma Fuentes.
9 (RLIN) 157886
651 #4 - PUNTO DE ACCESO ADICIONAL DE MATERIA--NOMBRE GEOGRÁFICO
Nombre geográfico Colombia-
Subdivisión general Historia-
Subdivisión cronológica 1499-1550, Descubrimiento y conquista.
9 (RLIN) 152427
830 0# - PUNTO DE ACCESO ADICIONAL DE SERIE-TÍTULO UNIFORME
Título uniforme Colección de libros y documentos referentes a la historia de América ;
Designación de volumen o secuencia 14
9 (RLIN) 187663
852 ## - LOCALIZACIÓN
Encuadernación
Ubicación BA
Número de control de estantería R-2326-45
Encuadernación Olim: D-2302-21
856 ## - LOCALIZACIÓN Y ACCESO ELECTRÓNICOS
Identificador Uniforme de Recursos <a href="http://bdh-rd.bne.es/viewer.vm?id=0000121001&page=1 ">http://bdh-rd.bne.es/viewer.vm?id=0000121001&page=1 </a>
Nota pública Biblioteca Digital Hispánica
Holdings
Estatus retirado Estado de pérdida Estado de daño No para préstamo Colección Biblioteca de origen Biblioteca actual Ubicación en estantería Fecha de adquisición Fuente de adquisición Total de préstamos Signatura topográfica completa Código de barras Visto por última vez Precio de reemplazo Tipo de ítem Koha
        Colección digital Biblioteca del Ateneo de Madrid Biblioteca del Ateneo de Madrid Depósito 13/10/2015     R-2326-45 1194238 23/02/2023 23/02/2023 Libro impreso